| 000 | 01285nam a22001937a 4500 | ||
|---|---|---|---|
| 005 | 20240508143202.0 | ||
| 008 | 240502b |||||||| |||| 00| 0 eng d | ||
| 020 | _a9780230636590 | ||
| 041 | _aEnglish | ||
| 082 |
_a001.4 _bSHA |
||
| 100 |
_aSharma J. K. _9108162 |
||
| 245 | _aOperations Research : Problems and Solutions | ||
| 250 | _a3rd | ||
| 260 |
_aMumbai _bMacMillan _c2009 |
||
| 300 | _a894 | ||
| 520 | _a1. Operations Research: An Introduction 2. Linear Programming: Model Formulation 3. Linear Programming: Graphical Solution Method 4. Linear Programming: Simplex Method 5. Revised Simplex Method 6. Dual Simplex Method 7. Bounded Variables LP Problems 8. Duality in Linear Programming 9. Sensitivity Analysis 10. Parametric Linear Programming 11. Integer Linear Programming 12. Goal Programming 13. Transportation Problem 14. Assignment Problem 15. Decision Theory and Decision Tree Analysis 16. Theory of Games 17. Project Management: PERT and CPM 18. Inventory Control 19. Queuing Theory 20. Replacement and Maintenance Models 21. Markov Chains 22. Simulation 23. Sequencing Problem 24. Information Theory 25. Dynamic Programming 26. Non-Linear Programming Methods | ||
| 650 |
_aResearch _9119079 |
||
| 942 | _cDB | ||
| 999 |
_c357850 _d357850 |
||